| 000 | 00425cam a2200181ua 4500 | ||
|---|---|---|---|
| 020 | _c6.00 | ||
| 041 |
_ahin _h |
||
| 082 |
_a891.54 _bMIC/ME |
||
| 100 | _aMadusudandath, Michel . | ||
| 245 |
_aMegnad-Vad / _cMadhusudandath Michel. _hTextual Documents |
||
| 250 |
_a1 / _b. |
||
| 260 |
_a : _bSahithya Sadan , _c1950. |
||
| 300 | _a424 ; . | ||
| 365 | _a6.00 | ||
| 504 | _a | ||
| 942 | _cBK | ||
| 999 |
_c7978 _d7978 |
||